000 00685cab a2200193 4500
001 ABS41279
008 090401t1988 xxu||||| |||| 00| 0 eng d
035 _a(Sirsi) u29328
041 _aeng
100 _aHealey, P.
245 4 _aThe British planning system and managing the urban environment
260 _c1988
350 _a0
490 _aTown Planning Review
_v59(4) October 1988, 397-417(21)
520 _aAn introduction to, and an evaluation of, aspects of town and country planning in this country, noting historical factors and the effect of the planning system on the urban environment .
690 _aPLANNING LAW AND PRACTICE
942 _n0
948 _c04/03/1997
999 _c19759
_d19759